| 000 | 00424nam a2200181Ia 4500 | ||
|---|---|---|---|
| 001 | 10896 | ||
| 005 | 20260306161906.0 | ||
| 008 | 260306t1975||||xx |||||||||||||| ||spa|| | ||
| 041 | _aESP | ||
| 082 |
_a980.01 _bB75 |
||
| 100 |
_aBosch Gimpera, Pere _eAUT |
||
| 245 | 0 | _aLa América pre-hispánica | |
| 260 | _c1975 | ||
| 300 |
_a368 páginas : _c22 cm. |
||
| 650 | _aGEN | ||
| 654 | _aCHU | ||
| 942 |
_cLIB _dJUS _fJUS _2ddc _n |
||
| 999 |
_c10896 _d10896 |
||